| 000 | 01011nam a22002777a 4500 | ||
|---|---|---|---|
| 003 | dpl | ||
| 005 | 20180713123059.0 | ||
| 008 | 180713b xxu||||| |||| 00| 0 eng d | ||
| 010 | _aA-445822 | ||
| 020 | _c25.00 | ||
| 035 | _aA-445822, A-959270 | ||
| 037 | _bCen Lib/Ret | ||
| 040 |
_aDPL _bHN _c0 |
||
| 082 |
_aउ _bशुक्लअ |
||
| 100 |
_aशुक्ल, अमरनाथ _961782 |
||
| 245 |
_aअन्नदा / _cअमरनाथ शुक्ल |
||
| 246 |
_aAnnada / _bby Amarnath Shukla |
||
| 260 |
_aनयी दिल्ली _bविद्या प्रकाशन मन्दिर _c1982 |
||
| 270 |
_bनयी दिल्ली _a1681, दरिया गंज _e110002 |
||
| 300 |
_a171पृ. _c17सेमी(सजिल्द) |
||
| 650 |
_aहिन्दी साहित्य _961783 |
||
| 650 |
_aउपन्यास _961784 |
||
| 650 |
_aHindi literature _961785 |
||
| 650 |
_aFiction _98901 |
||
| 942 |
_2ddc _cHN _hउ _mशुक्लअ |
||
| 999 |
_c115520 _d115520 |
||